| 000 | 00382nam a2200133Ia 4500 | ||
|---|---|---|---|
| 008 | 220216s9999 xx 000 0 und d | ||
| 100 | _aFernando M R N | ||
| 245 | 0 | _aManufacture of dark factice from rubber seed oil | |
| 260 |
_bRubber Research Institute of Ceylon Quarterly Journal _c1971 |
||
| 300 | _a59-64 | ||
| 650 | _aDark factice | ||
| 650 | _aRubber seed oil | ||
| 942 | _cJS | ||
| 999 |
_c62509 _d62509 |
||